| 000 | 00515nam a2200109 4500 | ||
|---|---|---|---|
| 082 | _a621.3104,BAK | ||
| 100 |
_aUday A.Bakshi _9101668 |
||
| 245 |
_aFundamentals of Instrumention / _bUday A. Bakshi _cAjay V. Bakshi |
||
| 260 | _c1999 | ||
| 505 | _aBasics of Measurement (Various Pages), Analog indicating Instruments (Various Pages), Bridge Circuits (Various Pages), Digital Instruments (Various Pages), Oscilloscopes (Various Pages), Recording Instruments and Waveform Generation (Various Pages). | ||
| 942 |
_2ddc _cBK |
||
| 999 |
_c592083 _d592083 |
||